| 000 | 01020cas a22003257ar4500 | ||
|---|---|---|---|
| 003 | OSt | ||
| 005 | 20260420125316.0 | ||
| 008 | 000614d uk qr pernn 0 b1eng d | ||
| 010 | _a81549 | ||
| 011 | _a82521 | ||
| 022 | _a0012-396X | ||
| 035 | _a93019 | ||
| 040 | _aCHAP | ||
| 245 | 0 | 0 |
_aCMI. Description of Pathogenic Fungi and Bacteria _c/by CAB International Mycological Institute |
| 260 | 0 |
_aSurrey, England : _bCAB International Mycological Institute, _c19- |
|
| 300 | _av. | ||
| 310 | _aTrimestral | ||
| 362 | _av.92 n.911-920,1987. | ||
| 590 |
_aBATCH-UPD _b10 _c20130110 |
||
| 590 |
_aBATCH-UPD _b10 _c20130410 |
||
| 590 |
_aBATCH-UPD _b10 _c20130914 |
||
| 590 |
_aCONVERSION _b10 _c20130109 |
||
| 650 | 1 | 4 |
_aHongos patógenos _xPublicaciones periódicas. _956137 |
| 785 | 0 | 0 | _tIMI Description of Fungi and Bacteria |
| 866 | _aset.59 n.581-set.73 n.730 (1978-1982) | ||
| 866 | _aset.75 n.741-set.100 n.1000 (1983-1990) | ||
| 901 | _aSE | ||
| 905 | _aLilia Sánchez G. | ||
| 942 | _2ddc | ||
| 999 |
_c81549 _d81549 |
||